| 000 | 00615cam a22002291 4500 | ||
|---|---|---|---|
| 001 | sa 65005247 | ||
| 003 | DLC | ||
| 005 | 20260227112136.0 | ||
| 008 | 841012s1962 io ck 000 0 ind | ||
| 010 | _asa 65005247 | ||
| 025 | _aPL480:Indo-1708 | ||
| 035 | _a(OCoLC)11259608 | ||
| 040 |
_aDLC _cWU _dWU _dDLC |
||
| 042 | _apremarc | ||
| 050 | 0 | 0 |
_aBF145 _b.N8 |
| 100 | 1 | _aNurhadi, R. | |
| 245 | 1 | 0 |
_aIlmu kebatinan modern _c[oleh R. Nurhadi] |
| 260 |
_aGombong, _bJajasan Setyaki _c[cover 1962] |
||
| 300 |
_a124 p. _bfold. forms, ports. _c16 cm. |
||
| 500 | _aIllustras: Abdulsalam. | ||
| 650 | 0 | _aPsychology. | |
| 999 |
_c64210 _d64210 |
||